[Event "Colmenarejo Autumn op 29th"]
[Site "Colmenarejo"]
[Date "2019.10.27"]
[Round "7"]
[White "Alonso Saiz, Luis"]
[Black "Rapaport, Andres Natalio"]
[Result "1-0"]
[WhiteElo "1465"]
[BlackElo "1270"]
[PlyCount "96"]
[EventDate "2019.09.15"]
[EventType "swiss"]
[EventRounds "7"]
[EventCountry "ESP"]
[SourceTitle "EXT 2021"]
[Source "ChessBase"]
[SourceDate "2020.10.23"]
[SourceVersion "1"]
[SourceVersionDate "2020.10.23"]
[SourceQuality "1"]

1. e4 e5 2. Nf3 Nc6 3. d3 Nf6 4. g3 Bc5 5. Bg2 d6 6. 0-0 Bg4 7. c3 Qe7 8. a4 a5 9. Nbd2 h5 10. h4 Nh7 11. Qb3 0-0-0 12. Re1 Be6 13. Qc2 f6 14. Nf1 g5 15. Be3 gxh4 16. Nxh4 Qf7 17. Qe2 Ng5 18. Kh2 Rdg8 19. Red1 Bg4 20. f3 Be6 21. Qf2 Bxe3 22. Nxe3 Ne7 23. f4 Nh7 24. f5 Bd7 25. c4 Rg5 26. b3 Rhg8 27. Nf1 R8g7 28. Qa7 c6 29. Qa8+ Kc7 30. Qxa5+ Kb8 31. Qd8+ Bc8 32. Qxd6+ Ka8 33. Bh3 Qg8 34. Rd2 Rg4 35. Bxg4 hxg4 36. a5 Ng5 37. Rg2 Nf3+ 38. Nxf3 gxf3 39. Rf2 Qh8+ 40. Kg1 Rh7 41. Nh2 Rg7 42. g4 Qh3 43. Raa2 Ng8 44. Qf8 Rxg4+ 45. Nxg4 Qxg4+ 46. Kf1 Qh3+ 47. Ke1 Qh1+ 48. Kd2 Nh6 1-0

[Event "Madrid Colmenarejo Autumn op 22nd"]
[Site "Madrid"]
[Date "2017.10.29"]
[Round "7"]
[White "Alonso Saiz, Luis"]
[Black "Urruti Diaz, Agustin Anibal"]
[Result "0-1"]
[WhiteElo "1508"]
[BlackElo "1681"]
[PlyCount "66"]
[EventDate "2017.09.17"]
[EventType "swiss"]
[EventRounds "7"]
[EventCountry "ESP"]
[SourceTitle "EXT 2019"]
[Source "ChessBase"]
[SourceDate "2018.10.10"]
[SourceVersion "1"]
[SourceVersionDate "2018.10.10"]
[SourceQuality "1"]

1. e4 e5 2. Nf3 Nc6 3. Bc4 Nf6 4. Nc3 Bc5 5. 0-0 0-0 6. d3 h6 7. Re1 d6 8. Be3 Bxe3 9. Rxe3 Bg4 10. h3 Bh5 11. Qd2 Nd4 12. g4 Bg6 13. Ne2 Ne6 14. Nh4 Nxe4 15. dxe4 Qxh4 16. Kg2 Ng5 17. Bd3 h5 18. f4 exf4 19. Nxf4 hxg4 20. hxg4 Rfe8 21. Rh1 Qxg4+ 22. Rg3 Bxe4+ 23. Bxe4 Nxe4 24. Rxg4 Nxd2 25. Rgh4 Kf8 26. Rh8+ Ke7 27. Nd5+ Kd7 28. R8h7 Re5 29. Nc3 Rg5+ 30. Kf2 Re8 31. Ne2 Re6 32. Ke1 Rg2 33. Kxd2 Rexe2+ 0-1

[Event "Colmenarejo Autumn op"]
[Site "Colmenarejo"]
[Date "2016.11.06"]
[Round "7"]
[White "Pena Negueruela, Francisco"]
[Black "Alonso Saiz, Luis"]
[Result "0-1"]
[WhiteElo "1296"]
[BlackElo "1419"]
[PlyCount "114"]
[EventDate "2016.09.25"]
[EventType "swiss"]
[EventRounds "7"]
[EventCountry "ESP"]
[SourceTitle "EXT 2019"]
[Source "ChessBase"]
[SourceDate "2018.10.10"]
[SourceVersion "1"]
[SourceVersionDate "2018.10.10"]
[SourceQuality "1"]

1. e4 c5 2. Nc3 g6 3. b3 Bg7 4. Bb2 e6 5. Nf3 Nc6 6. Na4 Bxb2 7. Nxb2 Nf6 8. d3 d6 9. c4 e5 10. h3 Nh5 11. g3 Nb4 12. a3 Nc6 13. Bg2 Ng7 14. Na4 Ne6 15. h4 Bd7 16. Qd2 Ned4 17. Nxd4 Nxd4 18. Rb1 0-0 19. Nc3 f5 20. 0-0 f4 21. Qd1 Qc8 22. Nd5 Qd8 23. Kh2 Kg7 24. Bh3 Bc6 25. Rb2 Bxd5 26. cxd5 Qf6 27. Kg2 h6 28. b4 b6 29. bxc5 dxc5 30. a4 Rh8 31. h5 Qg5 32. hxg6 Qxg6 33. Qg4 Qxg4 34. Bxg4 h5 35. Bd1 Rac8 36. Rh1 Kg6 37. g4 h4 38. Kh3 Rcd8 39. f3 Rd6 40. a5 Kg5 41. Rf1 b5 42. Ra2 b4 43. Rff2 Rb8 44. Rfb2 Rd7 45. a6 Rb6 46. Ba4 Rdd6 47. Bd1 Rxa6 48. Rxa6 Rxa6 49. Rb1 Nb5 50. Bb3 Nc3 51. Bc4 Rb6 52. Ra1 b3 53. d6 b2 54. Rh1 a5 55. d7 Rb8 56. Kg2 a4 57. Kf2 a3 0-1

[Event "Colmenarejo Autumn op"]
[Site "Colmenarejo"]
[Date "2016.10.16"]
[Round "4"]
[White "Bahillo Vallejo, Ignacio"]
[Black "Alonso Saiz, Luis"]
[Result "0-1"]
[WhiteElo "1303"]
[BlackElo "1419"]
[PlyCount "74"]
[EventDate "2016.09.25"]
[EventType "swiss"]
[EventRounds "7"]
[EventCountry "ESP"]
[SourceTitle "EXT 2019"]
[Source "ChessBase"]
[SourceDate "2018.10.10"]
[SourceVersion "1"]
[SourceVersionDate "2018.10.10"]
[SourceQuality "1"]

1. Nf3 Nf6 2. d4 d5 3. Bg5 Nbd7 4. Bxf6 Nxf6 5. Nc3 e6 6. a3 c6 7. e3 Bd6 8. Bd3 0-0 9. 0-0 Qc7 10. Re1 Re8 11. e4 e5 12. exd5 cxd5 13. dxe5 Bxe5 14. Bb5 Bxc3 15. Rxe8+ Nxe8 16. Bxe8 Be6 17. Bxf7+ Bxf7 18. bxc3 Qxc3 19. Rb1 Qc7 20. g3 a6 21. Qd4 Re8 22. Ng5 b5 23. Nxf7 Qxf7 24. Qb6 Qe6 25. Qd4 Qe4 26. Qb6 Qxc2 27. Ra1 Qc3 28. Rd1 Qxa3 29. Rxd5 Qf3 30. Rd8 Rxd8 31. Qxd8+ Qf8 32. Qa5 Qd6 33. Kg2 Kf7 34. h4 g6 35. Kh3 h5 36. f3 Qc6 37. f4 Qh1# 0-1